LEADER 01075nam0-2200361li-450 001 990000151110203316 005 20180312154803.0 010 $a3-540-15116-8 035 $a0015111 035 $aUSA010015111 035 $a(ALEPH)000015111USA01 035 $a0015111 100 $a20001109d1985----km-y0itay0103----ba 101 0 $aeng 102 $aGW 200 1 $aFinite element systems$ea handbook$feditor C. A. Brebbia 205 $a3.rd rev. ed 210 $aBerlin [etc.]$cSpringer-Verlag$dcopyr. 1985 610 1 $adisegno tecnico$aelaborazione dei dati 610 1 $ametodo degli elementi finiti 676 $a620.001 515 702 1$aBrebbia,$bCarlos Alberto 801 $aSistema bibliotecario di Ateneo dell' Università di Salerno$gRICA 912 $a990000151110203316 951 $a620.001 515 353 FIN$b0002356 959 $aBK 969 $aTEC 979 $c19940715 979 $c20001110$lUSA01$h1712 979 $c20020403$lUSA01$h1622 979 $aPATRY$b90$c20040406$lUSA01$h1611 996 $aFINITE element systems$9118469 997 $aUNISA LEADER 01740oam 2200457 a 450 001 9910691960503321 005 20030911135259.0 035 $a(CKB)5470000002349808 035 $a(OCoLC)52243772 035 9 $aocm52243772 035 $a(OCoLC)995470000002349808 035 $a(EXLCZ)995470000002349808 100 $a20030514d2003 ua 0 101 0 $aeng 135 $aurbn|||||| 181 $ctxt$2rdacontent 182 $cc$2rdamedia 183 $acr$2rdacarrier 200 10$aSeg2e?dit$b[electronic resource] $ea program for editing and manipulating SEG-2 files /$fby Karl J. Ellefsen 205 $aVersion 1.0. 210 1$a[Denver, Colo.] :$cU.S. Dept. of the Interior, U.S. Geological Survey,$d2003. 225 1 $aOpen-file report ;$v2003-03-141 300 $aTitle from PDF title screen (viewed on Sept. 11, 2003). 320 $aIncludes bibliographical references. 330 $aThis open-file report describes: the contents of the Zip file and installation of the program, the source code, the execution of the program, tests of the installation, and address to which suggestions for improving the program may be sent. 517 $aSeg2e?dit 606 $aSeismology$xComputer programs 606 $aSeismic prospecting$xComputer programs 606 $aRadar in earth sciences$xComputer programs 615 0$aSeismology$xComputer programs. 615 0$aSeismic prospecting$xComputer programs. 615 0$aRadar in earth sciences$xComputer programs. 700 $aEllefsen$b Karl$01380912 712 02$aGeological Survey (U.S.) 801 0$bGIS 801 1$bGIS 801 2$bGPO 906 $aBOOK 912 $a9910691960503321 996 $aSeg2e?dit$93423081 997 $aUNINA